Štatistická analýza zamestnanosti študentov denného štúdia vysokých škôl bakalárska práca

Saved in:
Bibliographic Details
Main Author: Kokoška, Peter
Corporate Author: Fakulta hospodárskej informatiky EU. Katedra štatistiky
Other Authors: Kotlebová, Eva
Format: Book
Language:Slovak
Published: Bratislava 2016
Tags: Add Tag
No Tags, Be the first to tag this record!

MARC

LEADER 00000nbm a2200000 4500
001 0218924
005 20240806095901.6
041 0 |a slo 
044 |a SK 
245 1 0 |a Štatistická analýza zamestnanosti študentov denného štúdia vysokých škôl  |b bakalárska práca  |c Peter Kokoška ; školiteľ: Eva Kotlebová 
264 1 |a Bratislava  |c 2016 
300 |a 66 s. 
100 1 |a Kokoška, Peter 
700 1 |a Kotlebová, Eva 
710 2 |a Fakulta hospodárskej informatiky EU. Katedra štatistiky